Statistiques concernant Les 200 plus grandes villes de France en Centre Val de Loire

Cliquez ici pour prendre le quiz!

Statistiques générales

  • Ce quiz a été pris 211 fois
  • Le résultat moyen est 6 sur 7

Statistiques - réponses

Ville
Population
(en milliers)
% Correct
34Orléans116
99%
26Tours137
96%
84Bourges64
91%
150Blois45
89%
170Châteauroux43
86%
195Chartres38
77%
197Joué lès Tours38
52%

Distribution des résultats

Percentile par nombre de réponses

% des personnes avec chaque résultat

Votre développement - résultats

Vous n’avez pas pris ce quiz